Kárpát-medencei ajándékok

Many times we return from our journeys with souvenirs in our luggage. Among these gifts there are products of considerable value that can be found in the list of valuables of Hungary, too. In my research I have analysed whether settlements owning high values are proud to show such products on their...

Teljes leírás

Elmentve itt :
Bibliográfiai részletek
Szerző: Bánhidai Csilla
Testületi szerző: Magyarok a Kárpát-medencében : tudományos nemzetközi konferencia (2.) (2017) (Szeged)
Dokumentumtípus: Könyv része
Megjelent: 2017
Sorozat:Közép-európai Monográfiák 16
Magyarok a Kárpát-medencében 2. 16
Kulcsszavak:Turizmus - Kárpát-medence, Idegenforgalom - Kárpát-medence
Tárgyszavak:
Online Access:http://acta.bibl.u-szeged.hu/69747
LEADER 02692naa a2200265 i 4500
001 acta69747
005 20220106123548.0
008 200803s2017 hu o 0|| hun d
020 |a 978-615-80462-2-0 
022 |a 2062-3712 
040 |a SZTE Egyetemi Kiadványok Repozitórium  |b hun 
041 |a hun 
041 |a eng 
100 1 |a Bánhidai Csilla 
245 1 0 |a Kárpát-medencei ajándékok  |h [elektronikus dokumentum] /  |c  Bánhidai Csilla 
260 |c 2017 
300 |a 249-262 
490 0 |a Közép-európai Monográfiák  |v 16 
490 0 |a Magyarok a Kárpát-medencében 2.  |v 16 
520 3 |a Many times we return from our journeys with souvenirs in our luggage. Among these gifts there are products of considerable value that can be found in the list of valuables of Hungary, too. In my research I have analysed whether settlements owning high values are proud to show such products on their website and whether sufficient information is provided to visitors how to buy these products. Summarizing the research results there is a total number of 15 settlements - out of the 35 examined - where the national values are shown already on the main page of their webpage and there are only 9 settlements out of them where it is mentioned how to procure them. Only half of the settlements have a sub webpage named Hungarikums or Values and hardly one third of them provide information here about procurement possibilities. The values defined in the list of our national valuables - especially Hungaricums - have not yet been given enough emphasis on the webpages of settlements. If searching consciously we do find further information about our national valuables on two third of the webpages of settlements and more than half of the webpages show information also on how to purchase these valuables. They occur accidentally and one can get information about them only by searching persistently. The settlements involved in the analysis have only partly recognized their „treasures" registered as national values, there is still potential to be exploited. Our national valuables should be emphasized, indicated more freely and made accessible to others also on webpages prepared with big care. This issue is still to be observed by the self-governments and also TDMs (Tourism Destination Management) in our digitalized world. 
650 4 |a Társadalomtudományok 
650 4 |a Társadalom- és gazdaságföldrajz 
695 |a Turizmus - Kárpát-medence, Idegenforgalom - Kárpát-medence 
710 |a Magyarok a Kárpát-medencében : tudományos nemzetközi konferencia (2.) (2017) (Szeged) 
856 4 0 |u http://acta.bibl.u-szeged.hu/69747/7/kek_mono_016_249-262.pdf  |z Dokumentum-elérés